UM Logo

The mind of the original tax strategist, part II: (Record no. 1234)

MARC details
000 -LEADER
fixed length control field 00579nam a22001457a 4500
008 - FIXED-LENGTH DATA ELEMENTS--GENERAL INFORMATION
fixed length control field 160308b xxu||||| |||| 00| 0 eng d
082 ## - DEWEY DECIMAL CLASSIFICATION NUMBER
Edition number 2011
Classification number DFil 336.2
Item number M26m
100 ## - MAIN ENTRY--PERSONAL NAME
9 (RLIN) 3559
Personal name Maestro, Emelino T.
245 ## - TITLE STATEMENT
Title The mind of the original tax strategist, part II:
Remainder of title find why BIR officials refuse to receive ETM's legal notices/
Statement of responsibility, etc. Emelino T. Maestro.
260 ## - PUBLICATION, DISTRIBUTION, ETC. (IMPRINT)
Place of publication, distribution, etc. Manila:
Name of publisher, distributor, etc. [National Library],
Date of publication, distribution, etc. c2011.
300 ## - PHYSICAL DESCRIPTION
Extent 206 pages;
Dimensions 28 cm.
650 #0 - SUBJECT ADDED ENTRY--TOPICAL TERM
9 (RLIN) 3560
Topical term or geographic name as entry element Income tax
General subdivision Law and legislation
Geographic subdivision Philippines.
650 #0 - SUBJECT ADDED ENTRY--TOPICAL TERM
9 (RLIN) 3561
Topical term or geographic name as entry element Internal revenue law
Geographic subdivision Philippines.
942 ## - ADDED ENTRY ELEMENTS (KOHA)
Source of classification or shelving scheme Dewey Decimal Classification
Koha item type Filipiniana
Holdings
Withdrawn status Lost status Source of classification or shelving scheme Damaged status Not for loan Collection code Home library Current library Date acquired Source of acquisition Total Checkouts Full call number Barcode Date last seen Copy number Price effective from Koha item type
    Dewey Decimal Classification     Filipiniana UM Digos College - LIC UM Digos College - LIC 09/18/2009 Purchased   DFil 336.2 M26m 2011 20552 05/15/2025 2 03/08/2016 Filipiniana
    Dewey Decimal Classification     Filipiniana UM Digos College - LIC UM Digos College - LIC 09/18/2009 Purchased   DFil 336.2 M26m 2011 20551 05/15/2025 1 03/08/2016 Filipiniana
    Dewey Decimal Classification     Filipiniana UM Digos College - LIC UM Digos College - LIC 09/18/2009 Purchased   DFil 336.2 M26m 2011 20553 05/15/2025 3 03/08/2016 Filipiniana